Statistics for Tom Hanks Movies by Picture

Click here to take the quiz!

General Stats

  • This quiz has been taken 17,080 times
  • The average score is 10 of 16

Answer Stats

Answer% Correct
Forrest Gump
99%
Saving Private Ryan
86%
The Green Mile
84%
Cast Away
80%
Catch Me If You Can
68%
Apollo 13
67%
Big
63%
The Da Vinci Code
63%
The Terminal
59%
Captain Phillips
58%
Sully
56%
Philadelphia
49%
Sleepless in Seattle
49%
A League of Their Own
43%
Turner & Hooch
41%
Bachelor Party
15%

Score Distribution

Percentile by Number Answered

Percent of People with Each Score

Your Score History

You have not taken this quiz